000 01737cam a2200205 i 4500
999 _c4851
_d4851
020 _a9780198735380 (pbk.)
050 0 0 _aKD3930
_b.L46
100 1 _aLe Sueur, A. P.
245 1 0 _aPublic law :
_btext, cases, and materials /
_cAndrew Le Sueur, LLB (Lond), Barrister, of the Middle Temple, Professor of Constitutional Justice, School of Law, University of Essex; Maurice Sunkin, LLB (Lond), PhD (Essex), Barrister, of the Middle Temple, Professor of Public Law and Socio-Legal Studies, School of Law, University of Essex; Jo Eric Khushal Murkens, LLB (Lond) PhD (EUI), Barrister, of the Inner Temple, Associate Professor, Department of Law, London School of Economics and Political Science.
250 _aThird edition.
260 _aOxford :
_b Oxford Univ. Press,
_c 2013.
300 _axxxviii, 896 pages :
_billustrations (some color) ;
_c25 cm
500 _aIncludes index.
505 0 _aThe constitutional rulebook -- The legislative Supremacy of the UK Parliament -- The rule of law -- Separating and balancing powers -- Multilevel governing -- Protecting rights -- Government and accountability -- Exercise and control of executive power in the European Union -- Prerogative powers and case study on the deployment of Armed Forces abroad -- Primary legislation -- Delegated legislation -- European Union treaties and legislative processes -- Case study : what happens when the commons and lords disagree -- The judiciary -- Administrative justice L tribunals and ombudsmen -- Judicial review -- Using human rights in the United Kingdom Courts -- European Union Law in the United Kingdom Courts.
650 0 _aPublic law
650 0 _aPublic law
700 1 _aSunkin, Maurice.,
700 1 _aMurkens, Jo Eric.,
942 _cBK